| Tag |
First Indicator |
Second Indicator |
Subfields |
| LEADER |
00000cam a2200000 a 4500 |
| 001 |
in00002169921 |
| 006 |
m e d # |
| 007 |
cr mn mmmmamba |
| 008 |
810713s1776 mau s 000 0 eng d |
| 005 |
20260330195818.7 |
| 035 |
|
|
|a aas03010315
|
| 040 |
|
|
|a MWA
|c MWA
|e bdrb
|d UtOrBLW
|
| 100 |
1 |
|
|a Hickey, Thomas,
|d 1749?-1776.
|
| 245 |
1 |
4 |
|a The last speech and dying words of Thomas Hickey :
|b a soldas printed] corresponding with, inlisting, and receiving pay from the enemies of the united American colonies.
|
| 264 |
|
3 |
|a Concord [Mass.] :
|b Printed and sold by N. Coverly, by the groze, dozen or single,
|c M,DCCLXXVI [1776]
|
| 300 |
|
|
|a 1 sheet (1 unnumbered page) ;
|c 40 x 25 cm.
|
| 336 |
|
|
|a text
|b txt
|2 rdacontent
|
| 337 |
|
|
|a computer
|b c
|2 rdamedia
|
| 338 |
|
|
|a online resource
|b cr
|2 rdacarrier
|
| 500 |
|
|
|a Signed: Thomas Hickey.
|
| 500 |
|
|
|a Followed by: By a vessel arrived yesterday in the afternoon, we have received certain intelligence ...
|
| 500 |
|
|
|a Printed area measures 30.2 x 17.2 cm.
|
| 500 |
|
|
|a Not in Evans or Bristol.
|
| 533 |
|
|
|a Electronic text and image data.
|b [Chester, Vt. :
|c Readex, a division of Newsbank, Inc.,
|d 2002-2004.
|e Includes files in TIFF, GIF and PDF formats with inclusion of keyword searchable text.
|f (Early American imprints. First series ; no. 49305).
|
| 500 |
|
|
|a Electronic resource.
|
| 650 |
|
0 |
|a Executions and executioners
|z New York (State)
|z New York.
|
| 650 |
|
0 |
|a Military offenses
|z United States.
|
| 650 |
|
0 |
|a Treason
|z United States.
|
| 651 |
|
0 |
|a United States
|x History
|y Revolution, 1775-1783.
|
| 655 |
|
7 |
|a Broadsides.
|2 rbgenr
|
| 752 |
|
|
|a United States
|b Massachusetts
|d Concord.
|
| 830 |
|
0 |
|a Early American imprints.
|n Series I,
|p Evans (1639-1800) ;
|v no. 49305.
|
| 856 |
4 |
1 |
|u http://proxy.library.tamu.edu/login?url=https://opac.newsbank.com/select/evans/49305
|y Evans Digital Edition
|t 0
|
| 999 |
|
|
|a MARS
|
| 999 |
f |
f |
|s 5898dcb1-a418-386f-bb05-b6d327c6342b
|i 048f127c-bf3b-380c-b3d2-da2be8b39692
|t 0
|
| 952 |
f |
f |
|a Texas A&M University
|b College Station
|c Electronic Resources
|s www_evans
|d Available Online
|t 0
|h No information provided
|
| 998 |
f |
f |
|t 0
|l Available Online
|